The apple is red (in multiple languages) - Statistics

General Stats
  • This quiz has been taken 84 times
  • The average score is 9 of 12
Answer Stats
Language Family Sentence Language % Correct
Germanic Der Apfel ist rot. German
99%
Germanic De appel is rood. Dutch
94%
Romance La pomme est rouge. French
90%
Romance La manzana es roja. Spanish
90%
Germanic Äpplet är rött. Swedish
87%
Germanic Æblet er rødt. Danish
85%
Romance La mela è rossa. Italian
82%
Romance A maçã é vermelha. Portuguese
81%
Romance Marul este rosu. Romanian
69%
Germanic Eplið er rautt. Icelandic
59%
Romance La poma es vermella. Catalan
57%
Germanic Die appel is rooi. Afrikaans
35%
No matching quizzes found
Score Distribution
Percent of People with Each Score
Percentile by Number Answered
Your Score History
You have not taken this quiz